| 000 | 00876nam a22002537a 4500 | ||
|---|---|---|---|
| 005 | 20240530110441.0 | ||
| 008 | 150420s2010 ua a g b 000 0 ara d | ||
| 017 |
_a2009/16868 _bمصر . دار الكتب المصرية |
||
| 020 | _a9772327392 | ||
| 040 | _aEG-CaGPL | ||
| 082 | 0 | 4 |
_221 _a658.8\ _bف ع |
| 100 | 1 | _aفيسك ، بيتر . | |
| 245 | 1 | 0 |
_aعبقرية التسوق / _cتاليف بيتر فيسك ؛ ترجمة احمد طاهر . |
| 250 | _aط1. | ||
| 260 |
_aالقاهرة : _bعالم الكتب ، _c2010. |
||
| 300 |
_a640 ص ؛ _c17 سم . |
||
| 504 | _aيشتمل على ارجاعات ببليوجرافية | ||
| 650 | 0 | 4 | _aالتسويق |
| 650 | 0 | 4 | _aالباعة وفن البيع |
| 650 | 0 | 4 | _aالعلامات التجارية |
| 700 | 0 | _aاحمد طاهر. | |
| 942 |
_2ddc _cBK |
||
| 999 |
_c61051 _d61051 |
||